000 00601cam a22002173a 4500
001 45844
003 PGUSA
005 20140828084051.0
008 140531s2014||||xxu|||||s|||||000 | eng d
040 _aPGUSA
_beng
042 _adc
100 1 _aShedd, E. Cutler
245 1 0 _aOur Little Persian Cousin
_h[electronic resource] /
_cE. Cutler Shedd
260 _bProject Gutenberg,
_c2014
506 _aPublic domain in the USA.
516 _aElectronic text
700 1 _aHorne, Diantha W.
830 0 _aProject Gutenberg
_v45844
856 4 0 _uhttp://www.gutenberg.org/ebooks/45844
942 _cEB
999 _c275094
_d275094